Zaragoza; Santa Juana de Castilla
Guardat en:
| Autor principal: | |
|---|---|
| Format: | Llibre |
| Idioma: | espanyol |
| Publicat: |
Madrid
Revista Literaria
1953
|
| Matèries: | |
| Etiquetes: |
Afegir etiqueta
Sense etiquetes, Sigues el primer a etiquetar aquest registre!
|
MARC
| LEADER | 00000nam a2200000 a 4500 | ||
|---|---|---|---|
| 001 | UCX2286 | ||
| 003 | CL-VaPUC | ||
| 008 | 910417e19530000SP |||||||||||||||||spa|d | ||
| 082 | 0 | 4 | |a 862 |b PER |2 21 |
| 100 | 0 | |a Pérez Galdós, Benito |e author |9 318144 | |
| 245 | 1 | 0 | |a Zaragoza; Santa Juana de Castilla |
| 300 | |a 38 p | ||
| 942 | |c BK | ||
| 945 | |d 19910417 00:00:00 | ||
| 260 | |a Madrid |b Revista Literaria |c 1953 | ||
| 650 | 0 | |a Teatro español |9 265077 | |
| 583 | |a last modification |c 19910417 00:00:00 |k Rodrigo Vera | ||
| 999 | |c 223336 |d 223334 | ||
| 952 | |0 0 |1 0 |4 0 |6 862_000000000000000_PER_1953 |7 0 |8 A |9 219009 |a BIBEDU |b BIBEDU |d 2019-11-15 |i 2878178 |o 862 PER 1953 |p 2878178 |r 2019-11-15 |w 2019-11-15 |y BK |k LIT | ||